00658nam a22001817a 4500003000400000008004100004020001800045082001400063100004300077245006000120250001200180260004600192300001100238650001100249942001300260999001700273952018600290OSt241023b |||||||| |||| 00| 0 eng d a9789810879570 a745.4 JUS aJULIAN, Fernando and ALBARRACIN, Jesus aSketching & Rendering: Techniques for Product Designers aReprint aSingapore,bBasheer Graphic Books,c2013, a191 p. aB.FAD. 2ddccREF c12955d12955 00102ddc40708BFADaPIETNCRbPIETNCRd2024-10-01ePankaj Publication InternationalfIn Rupeesg5227.64kPPI-15l0o745.4 JUSpN3788r2024-10-23 00:00:00v3816.18w2024-10-01yREF